00733cam a2200217 i 450000100060000000300080000600500170001400800410003103500190007204000320009104100080012308200180013124500760014926000540022530000210027949000370030050000840033765000390042165000360046070000190049622506BD-RjUL20211209000820.0140308r19571954nyu 000 0 eng d a(BD-RjUL)22571 aDLCcDLCdDLCdBD-RjULbeng aeng00a809bPOI 195710aPoints of view :bA Selection of Provocatove Prose /cby Alderton Pink. aNew York :bArno Press,c, c1954 [Reprinted 1957] a183 p. ;c23 cm.1 aThe works of W. Somerset Maugham aReprint of the ed. published by Doubleday, Garden City, N.Y. ; with new introd. 0aLiteraturexHistory and criticism. 0aFictionxHistory and criticism. a Pin, Alderton